Megamiasta na pustej mapie świata - Statystyki

Ogólne statystyki
  • Ten quiz został rozwiązany 2 799 razy
    2 645 od ostatniego zresetowania
  • Średni wynik to 22 z 45
Odpowiedzi na mapie
Odpowiedzi zakodowano w zielono-czerwonej skali na mapie do tego quizu, zgodnie z poniższymi procentami.
 
Statystyki odpowiedzi
Populacja Miasto % Poprawnych
23,1 mln Nowy Jork
92%
14,8 mln Londyn
91%
18,8 mln Moskwa
91%
40,8 mln Tokio
91%
11,4 mln Paryż
88%
20,9 mln Pekin
88%
17,7 mln Los Angeles
84%
24,9 mln Meksyk
82%
13,4 mln Rio de Janeiro
79%
33,4 mln Delhi
76%
16,7 mln Buenos Aires
73%
16,1 mln Stambuł
72%
22,2 mln Kair
70%
40 mln Szanghaj
70%
23 mln São Paulo
64%
10,2 mln Bogota
61%
26,6 mln Mumbaj
61%
11,6 mln Lima
59%
24,9 mln Seul
58%
28,9 mln Dżakarta
57%
16,2 mln Teheran
53%
20,5 mln Bangkok
52%
14,8 mln Johannesburg
52%
21,4 mln Lagos
49%
17,7 mln Osaka
48%
67,8 mln Kanton / Shenzhen
44%
17,4 mln Kolkata
42%
11,8 mln Wuhan
40%
26,7 mln Manila
39%
15 mln Kinszasa
38%
21,3 mln Dhaka
34%
13,5 mln Ho Chi Minh
25%
19,1 mln Karaczi
25%
12,3 mln Xi'an
21%
12,2 mln Ćennaj
16%
10,5 mln Nagoja
16%
16,6 mln Chengdu
15%
10,5 mln Chongqing
14%
14,4 mln Lahaur
14%
13,7 mln Bengaluru
12%
11,4 mln Tiencin
12%
14,5 mln Xiamen
11%
11,1 mln Hajdarabad
10%
13,4 mln Hangzhou
6%
10,5 mln Changsha
5%
Nie znaleziono quizów pasujących do podanych kryteriów
Rozkład punktacji
Procent ludzi z każdym wynikiem
Percentyl według liczby udzielonych odpowiedzi
Twoja historia wyników
Nie rozwiązałeś tego quizu od ostatniego zresetowania